DOS RV V3 CORAL 66 - popis jazyka

Enregistré dans:
Détails bibliographiques
Format: Livre
Langue:slovaque
Publié: Ostrava Kancelářské stroje 1986
Édition:1. vyd.
Tags: Ajouter un tag
Pas de tags, Soyez le premier à ajouter un tag!

MARC

LEADER 00000nam a2200000 4500
001 c024750
005 20221219100439.5
041 0 |a slo 
044 |a CZ 
245 1 0 |a DOS RV V3  |b CORAL 66 - popis jazyka 
250 |a 1. vyd. 
264 1 |a Ostrava  |b Kancelářské stroje  |c 1986 
300 |a 109 s.